Latin American economic outlook 2015 education, skills and innovation for development

Salvato in:
Dettagli Bibliografici
Natura: Libro
Lingua:inglese
Pubblicazione: Paris OECD Development Centre 2014
Serie:Latin American economic outlook
Soggetti:
Tags: Aggiungi Tag
Nessun Tag, puoi essere il primo ad aggiungerne!!

MARC

LEADER 00000nam$a2200000$$$4500
001 0211994
005 20240315115521.4
020 |a 978-92-64-22242-7 
041 0 |a eng 
044 |a US 
245 1 0 |a Latin American economic outlook 2015  |b education, skills and innovation for development 
264 1 |a Paris  |b OECD Development Centre  |c 2014 
300 |a 184 s. 
490 1 |a Latin American economic outlook 
830 0 |a Latin American economic outlook 
610 2 0 |a vzdelávanie 
610 2 0 |a reformy hospodárske 
610 2 0 |a inovácia 
610 2 0 |a makroekonomika 
610 2 0 |a globalizácia 
610 2 0 |a prognózy 
610 2 0 |a zručnosti 
610 2 0 |a regióny 
610 2 0 |a trh práce 
610 2 0 |a ponuka 
610 2 0 |a dopyt 
610 2 0 |a podpora vzdelávania 
610 2 0 |a produkcia 
610 2 0 |a zmeny štruktúrne 
610 2 0 |a investície priame zahraničné 
610 2 0 |a porovnanie štatistické medzinárodné 
610 2 0 |a Latinská Amerika